000
00376nam a2200133Ia 4500
008
100122s9999 xx 000 0 und d
082
_b
37387
_a
173
100
_a
आपटे ना ह
245
_a
गृहसौख्य
260
_b
आपटे आणि मंडळी
630
_a
गृहसौख्य
730
_a
गृहसौख्य
942
_c
BOOK
999
_c
419846
_d
419843